[Event "Titled Tue 3rd Jun Early"]
[Site "chess.com INT"]
[Date "2025.06.03"]
[Round "4"]
[White "Levano Loayza, Adriano Jaffet"]
[Black "Fernandes, Rogerio Paulo Muller"]
[Result "1-0"]
[WhiteTitle "CM"]
[WhiteElo "2049"]
[BlackElo "2241"]
[WhiteFideId "3865584"]
[BlackFideId "2101599"]
[EventDate "2025.06.03"]

1. d4 Nf6 2. c4 c5 3. d5 b5 4. Qc2 d6 5. e4 b4 6. Nf3 g6 7. Be2 Bg7 8. O-O O-O
9. h3 a5 10. Bf4 Nbd7 11. Nbd2 a4 12. Rfe1 a3 13. bxa3 Nh5 14. Bh2 Bxa1 15. Rxa1
Rxa3 16. e5 dxe5 17. Nxe5 Nxe5 18. Bxe5 Qa5 19. Bxh5 gxh5 20. Nb3 Qa4 21. Qe2
Rxb3 22. axb3 Qxb3 23. d6 exd6 24. Bxd6 Rd8 25. Bxc5 Be6 26. Qxh5 Qd3 27. Qg5+
Kh8 28. Be7 1-0

[Event "Titled Tue 3rd Jun Early"]
[Site "chess.com INT"]
[Date "2025.06.03"]
[Round "4"]
[White "Terkiewicz, Bruno"]
[Black "Kvaloy, Aksel Bu"]
[Result "1-0"]
[WhiteTitle "CM"]
[BlackTitle "IM"]
[WhiteElo "2183"]
[BlackElo "2479"]
[WhiteFideId "21093245"]
[BlackFideId "1528815"]
[EventDate "2025.06.03"]

1. g3 e5 2. Bg2 g6 3. Nf3 Bg7 4. d4 e4 5. Nfd2 d5 6. Nf1 Ne7 7. c4 c6 8. Bg5 h6
9. Bxe7 Qxe7 10. cxd5 Qb4+ 11. Qd2 Qxd2+ 12. Nbxd2 Bxd4 13. Nxe4 O-O 14. O-O-O
Bg7 15. Ne3 b6 16. h4 Ba6 17. Rd2 cxd5 18. Nxd5 Nc6 19. h5 Rac8 20. Kb1 g5 21.
Rc1 Kh7 22. Nd6 Nd4 23. Nxc8 Bxc8 24. e3 Bf5+ 25. Ka1 Nb5 26. Ne7 Be6 27. a4 Re8
28. Be4+ Kh8 29. Nf5 Bb3 30. Bc6 Re5 31. Nxg7 Bxa4 32. Ne8 Bb3 33. Rd3 1-0

[Event "Titled Tue 3rd Jun Early"]
[Site "chess.com INT"]
[Date "2025.06.03"]
[Round "4"]
[White "Silva, Pedro Gil Ferreira Da"]
[Black "Lai, Duc Minh"]
[Result "0-1"]
[WhiteTitle "FM"]
[WhiteElo "2262"]
[BlackElo "2072"]
[WhiteFideId "1946102"]
[BlackFideId "12420387"]
[EventDate "2025.06.03"]

1. e4 c5 2. Nc3 Nc6 3. Bb5 Nd4 4. Nf3 e6 5. O-O a6 6. Be2 Nc6 7. d4 cxd4 8. Nxd4
Bc5 9. Be3 Bb6 10. Qd2 Nge7 11. Rad1 O-O 12. f4 d5 13. Nxc6 bxc6 14. Kh1 Bxe3
15. Qxe3 Qa5 16. e5 c5 17. Bd3 c4 18. Be2 Rb8 19. Rb1 Nf5 20. Qh3 d4 21. Ne4
Qxa2 22. g4 Ne3 23. Nf6+ gxf6 24. exf6 Bb7+ 25. Kg1 Kh8 26. Qh6 Rg8 27. Ra1 Qxb2
28. Rab1 Qxc2 29. Rfc1 Qxe2 0-1

[Event "Titled Tue 3rd Jun Early"]
[Site "chess.com INT"]
[Date "2025.06.03"]
[Round "4"]
[White "Salimova, Asal"]
[Black "Skiadopoulos, Nikolaos"]
[Result "1-0"]
[WhiteTitle "WCM"]
[BlackTitle "CM"]
[WhiteElo "2003"]
[BlackElo "1882"]
[WhiteFideId "14204940"]
[BlackFideId "4200772"]
[EventDate "2025.06.03"]

1. d4 Nf6 2. c4 c5 3. d5 b5 4. cxb5 a6 5. b6 Qxb6 6. Nc3 g6 7. e4 d6 8. Nf3 Bg7
9. Nd2 O-O 10. a4 a5 11. Bb5 e6 12. Nc4 Qc7 13. O-O exd5 14. Nxd5 Nxd5 15. Qxd5
Bb7 16. Qxd6 Qc8 17. Nb6 Qg4 18. Nxa8 Bxa8 19. f3 Qh5 20. Be3 Be5 21. Qd3 Qxh2+
22. Kf2 Qg3+ 23. Ke2 Qxg2+ 24. Rf2 Qh3 25. Rg1 Qc8 26. Rh1 Nc6 27. Bxc6 Bxc6 28.
Qc4 Qe8 29. b3 Bd7 30. Bh6 Bg7 31. Bxg7 Kxg7 32. Rfh2 h5 33. Qc3+ Kh6 34. Rxh5+ 1-0

[Event "Titled Tue 3rd Jun Early"]
[Site "chess.com INT"]
[Date "2025.06.03"]
[Round "4"]
[White "Unver, Cumayi"]
[Black "Gavarrete, Nahun"]
[Result "1-0"]
[BlackTitle "FM"]
[WhiteElo "2012"]
[BlackElo "2281"]
[WhiteFideId "6304940"]
[BlackFideId "8400709"]
[EventDate "2025.06.03"]

1. d4 d5 2. Nc3 e6 3. Bf4 Nf6 4. Nf3 c5 5. e3 Nc6 6. Nb5 Qa5+ 7. c3 Kd7 8. dxc5
Bxc5 9. Nbd4 Bxd4 10. exd4 b5 11. a3 Qb6 12. Bd3 a5 13. O-O Ba6 14. Re1 b4 15.
axb4 axb4 16. Bxa6 Rxa6 17. Rxa6 Qxa6 18. Ne5+ Nxe5 19. dxe5 Ne8 20. cxb4 Nc7
21. Qg4 g6 22. Be3 Qc4 23. Qf3 Qxb4 24. Rc1 Nb5 25. Qxf7+ Qe7 26. Qf4 Nc7 27.
Bc5 Qe8 28. Bd6 Nb5 29. Qa4 Kd8 30. Rc5 Nxd6 31. Qa8+ Kd7 32. Qa7+ Kd8 33. exd6
Qd7 34. Qb8+ Qc8 35. Qxc8# 1-0

[Event "Titled Tue 3rd Jun Early"]
[Site "chess.com INT"]
[Date "2025.06.03"]
[Round "4"]
[White "Nagare Kaivalya Sandip"]
[Black "Negrean, Andrei"]
[Result "1-0"]
[WhiteTitle "FM"]
[BlackTitle "FM"]
[WhiteElo "2321"]
[BlackElo "2336"]
[WhiteFideId "25957929"]
[BlackFideId "1291513"]
[EventDate "2025.06.03"]

1. e4 c5 2. Nf3 a6 3. c3 Nf6 4. e5 Nd5 5. d4 cxd4 6. cxd4 b5 7. Nc3 Bb7 8. Bd3
e6 9. O-O Be7 10. Ne4 Nc6 11. Bg5 f6 12. exf6 Nxf6 13. Bxf6 gxf6 14. Nfg5 fxg5
15. Qh5+ Kf8 16. f4 Qe8 17. fxg5+ Kg8 18. Qg4 Qg6 19. Nf6+ Bxf6 20. Bxg6 Bxd4+
21. Kh1 hxg6 22. Qe4 Kg7 23. Rad1 e5 24. Rf6 Ne7 25. Qxb7 Rad8 26. Qe4 Nf5 27.
Rd3 d5 28. Qe1 e4 29. Rxd4 Nxd4 30. Qc3 Rc8 31. Qxd4 Rc1+ 32. Rf1+ 1-0

[Event "Titled Tue 3rd Jun Early"]
[Site "chess.com INT"]
[Date "2025.06.03"]
[Round "4"]
[White "Berikkyzy Alanna"]
[Black "Saiz Rodriguez, Daniel Evelio"]
[Result "0-1"]
[WhiteTitle "WFM"]
[BlackTitle "FM"]
[WhiteElo "2104"]
[BlackElo "2187"]
[WhiteFideId "13780719"]
[BlackFideId "3523420"]
[EventDate "2025.06.03"]

1. e4 c5 2. Nf3 g6 3. d4 cxd4 4. Nxd4 Nc6 5. Nc3 Bg7 6. Be3 Nf6 7. Nxc6 bxc6 8.
e5 Ng8 9. Bd4 Qa5 10. Qd2 Bxe5 11. Qg5 f6 12. Qd2 Bxd4 13. Qxd4 Qe5+ 14. Qxe5
fxe5 15. O-O-O Nf6 16. Re1 d6 17. Bc4 e6 18. f4 e4 19. Bb3 d5 20. Ba4 Bd7 21.
Ne2 c5 22. Bxd7+ Kxd7 23. c4 d4 24. Ng3 e3 25. Kc2 a5 26. h3 a4 27. Kd3 Rhb8 28.
Re2 Rb4 29. Rb1 Rab8 30. Nf1 Ne8 31. g4 Nd6 32. Rc2 Rf8 33. b3 Rxf4 34. Ng3 Nf7
35. Ne4 Ne5+ 0-1

[Event "Titled Tue 3rd Jun Early"]
[Site "chess.com INT"]
[Date "2025.06.03"]
[Round "4"]
[White "Molina, Roberto Junio Brito"]
[Black "Vafin, Ayrat"]
[Result "0-1"]
[WhiteTitle "IM"]
[BlackTitle "FM"]
[WhiteElo "2381"]
[BlackElo "2302"]
[WhiteFideId "2109450"]
[BlackFideId "4146530"]
[EventDate "2025.06.03"]

1. d4 d5 2. c4 e6 3. Nc3 Be7 4. cxd5 exd5 5. Bf4 c6 6. e3 Bf5 7. g4 Be6 8. h4
Nd7 9. h5 Nh6 10. f3 Qb6 11. Qd2 f5 12. g5 Nf7 13. Nh3 g6 14. O-O-O O-O-O 15.
Bd3 c5 16. Kb1 c4 17. Bc2 Qc6 18. e4 fxe4 19. fxe4 Nb6 20. Nf2 Bb4 21. Qe3 Bxc3
22. bxc3 dxe4 23. Nxe4 Nd5 24. Qg3 Bf5 25. Rhe1 Rhe8 26. Bd2 Bxe4 27. Bxe4 Rxe4
28. Rxe4 Nxc3+ 29. Qxc3 Qxe4+ 30. Ka1 Qxd4 31. hxg6 Qxc3+ 32. Bxc3 Rxd1+ 33. Kb2
hxg6 0-1

[Event "Titled Tue 3rd Jun Early"]
[Site "chess.com INT"]
[Date "2025.06.03"]
[Round "4"]
[White "Velikanov, Alexander"]
[Black "Harshit, Ranjan Sahu"]
[Result "1-0"]
[WhiteTitle "IM"]
[BlackTitle "CM"]
[WhiteElo "2372"]
[BlackElo "2214"]
[WhiteFideId "2039290"]
[BlackFideId "25638815"]
[EventDate "2025.06.03"]

1. e4 c5 2. Nf3 d6 3. d4 cxd4 4. Nxd4 Nf6 5. Bd3 g6 6. c4 Bg7 7. h3 O-O 8. O-O
Nc6 9. Nf3 Be6 10. Nc3 Na5 11. Nd5 Bxd5 12. exd5 Rc8 13. Qe2 b5 14. cxb5 Nxd5
15. Rb1 Nb6 16. b3 Nb7 17. Re1 e6 18. Bb2 Bxb2 19. Qxb2 Nc5 20. Bf1 e5 21. a4
Qf6 22. a5 Nd5 23. Rbd1 Nf4 24. Nh2 Rfd8 25. Ng4 Qg7 26. g3 Nfe6 27. Ne3 Nd4 28.
Nd5 Nf3+ 29. Kh1 Nxe1 30. Ne7+ Kh8 31. Nxc8 Rxc8 32. Rxe1 Qf6 33. b4 Ne6 34. f4
Nd4 35. Bg2 Rc2 36. Qa3 exf4 37. Rf1 Qg5 38. Qd3 Qxg3 39. Qxd4+ Kg8 40. Qe4 g5
41. Qxc2 1-0

[Event "Titled Tue 3rd Jun Early"]
[Site "chess.com INT"]
[Date "2025.06.03"]
[Round "4"]
[White "Tica, Sven"]
[Black "Lopez Rayo, Isabella"]
[Result "1-0"]
[WhiteTitle "IM"]
[BlackTitle "WFM"]
[WhiteElo "2429"]
[BlackElo "2021"]
[WhiteFideId "14526948"]
[BlackFideId "4452755"]
[EventDate "2025.06.03"]

1. e4 e5 2. f4 Bc5 3. Nf3 d6 4. c3 Bg4 5. Bc4 Nc6 6. h3 Bxf3 7. Qxf3 Nf6 8. b4
Bb6 9. a4 a5 10. b5 Ne7 11. d3 Qd7 12. fxe5 dxe5 13. Bg5 O-O-O 14. Nd2 Ng6 15.
g3 Kb8 16. Ke2 Qd6 17. Rhf1 Qc5 18. Nb3 Qd6 19. Bxf6 gxf6 20. Qxf6 Qd7 21. Qf5
Qd6 22. Nd2 Qc5 23. Qf3 Rhf8 24. h4 Ne7 25. Nb3 Qd6 26. Qf6 Qd7 27. Kd2 Nc8 28.
Kc2 Nd6 29. Rad1 Qg4 30. Qf3 Qg6 31. Bd5 f5 32. exf5 Nxf5 33. Be4 1-0

[Event "Titled Tue 3rd Jun Early"]
[Site "chess.com INT"]
[Date "2025.06.03"]
[Round "4"]
[White "Osmak, Yuliia"]
[Black "Loskutova, Viktoriya"]
[Result "0-1"]
[WhiteTitle "IM"]
[BlackTitle "WFM"]
[WhiteElo "2471"]
[BlackElo "2066"]
[WhiteFideId "14101602"]
[BlackFideId "34166278"]
[EventDate "2025.06.03"]

1. b3 Nf6 2. Bb2 d5 3. e3 c5 4. Nf3 e6 5. Bb5+ Nbd7 6. Ne5 Bd6 7. f4 O-O 8. Bxd7
Nxd7 9. O-O f6 10. Nxd7 Bxd7 11. d3 b5 12. Nd2 a5 13. Qh5 Qc7 14. c4 bxc4 15.
dxc4 d4 16. exd4 Bxf4 17. Nf3 cxd4 18. Bxd4 e5 19. Bb2 Rad8 20. Nh4 Bc6 21. Nf5
g6 22. Qg4 Kh8 23. Ng3 Rd2 24. Rf2 Be3 25. Ba3 Rxf2 26. Qe6 Rxa2+ 27. Kf1 Bxg2+
28. Ke1 Bf2+ 29. Kd1 Rd8+ 30. Kc1 Rxa1+ 31. Kb2 Bd4+ 32. Kc2 Rxa3 33. Qxf6+ Kg8
34. Nh5 Be4+ 35. Kc1 Be3+ 36. Kb2 Rd2+ 37. Kxa3 Qc5+ 38. Ka4 Qb4# 0-1

[Event "Titled Tue 3rd Jun Early"]
[Site "chess.com INT"]
[Date "2025.06.03"]
[Round "4"]
[White "Bustelo, Tabare"]
[Black "Levitan, Judah Nathan"]
[Result "0-1"]
[WhiteTitle "CM"]
[BlackTitle "CM"]
[WhiteElo "2043"]
[BlackElo "2127"]
[WhiteFideId "3000362"]
[BlackFideId "14332639"]
[EventDate "2025.06.03"]

1. d4 Nf6 2. Bg5 d5 3. Bxf6 exf6 4. e3 Bf5 5. c4 c6 6. Nc3 Qb6 7. Qd2 Nd7 8. Nf3
Bb4 9. c5 Qa5 10. Nh4 Be6 11. Bd3 g6 12. O-O f5 13. a3 Bxc3 14. bxc3 Nf6 15.
Rfb1 Rb8 16. Nf3 O-O 17. Ne5 Ne4 18. Bxe4 fxe4 19. h3 f6 20. Ng4 h5 21. Nh2 Kg7
22. Rb4 b5 23. a4 a6 24. Qb2 Qc7 25. axb5 axb5 26. Rb3 Ra8 27. Rba3 Rxa3 28.
Qxa3 Qb7 29. Qa7 Rb8 30. Nf1 Kf7 31. Nd2 Ke7 32. Nb3 Qxa7 33. Rxa7+ Bd7 34. Na5
Kd8 35. Kh2 g5 36. Kg3 f5 37. h4 g4 38. Kf4 Rc8 39. g3 Ke7 40. Kg5 Ke6 41. Kxh5
Kf6 0-1

[Event "Titled Tue 3rd Jun Early"]
[Site "chess.com INT"]
[Date "2025.06.03"]
[Round "4"]
[White "Nanugonda, Vishva"]
[Black "Brozynski, Patryk"]
[Result "0-1"]
[BlackTitle "CM"]
[WhiteElo "2135"]
[BlackElo "2219"]
[WhiteFideId "30961335"]
[BlackFideId "2512700"]
[EventDate "2025.06.03"]

1. d4 Nf6 2. c4 e6 3. Nc3 Bb4 4. Qc2 O-O 5. e4 Nc6 6. Nf3 d6 7. Bd2 e5 8. a3
exd4 9. Nd5 Bxd2+ 10. Nxd2 Re8 11. O-O-O a5 12. f3 Ne5 13. Nb3 c5 14. h3 Nxd5
15. cxd5 Qg5+ 16. Kb1 Bd7 17. Nc1 b5 18. Qf2 Qg6 19. Ka1 Nc4 20. Bxc4 bxc4 21.
Qc2 Bb5 22. Qd2 Ba4 23. Rde1 Re7 24. Ne2 Qxg2 25. Rhg1 Qxf3 26. Ref1 Qe3 27. Qe1
Rxe4 28. Rg2 d3 29. Rfg1 g6 0-1

[Event "Titled Tue 3rd Jun Early"]
[Site "chess.com INT"]
[Date "2025.06.03"]
[Round "4"]
[White "Florescu, Codrut-Constantin"]
[Black "Khoo-Thwe, Louis"]
[Result "1-0"]
[WhiteTitle "IM"]
[BlackTitle "CM"]
[WhiteElo "2193"]
[BlackElo "2214"]
[WhiteFideId "1202200"]
[BlackFideId "1538756"]
[EventDate "2025.06.03"]

1. d4 d5 2. Nf3 Nf6 3. c4 dxc4 4. e3 e6 5. Bxc4 c5 6. O-O a6 7. Nc3 Nc6 8. dxc5
Bxc5 9. Qxd8+ Kxd8 10. a3 b5 11. Be2 Bb7 12. b4 Bb6 13. Bb2 Ke7 14. Nd2 Rhd8 15.
Nb3 Rac8 16. Rfd1 Rxd1+ 17. Rxd1 Rd8 18. Rxd8 Nxd8 19. a4 Nd5 20. axb5 axb5 21.
Nxb5 Nxb4 22. Bxg7 Ba6 23. Bd4 Bxd4 24. N5xd4 Bxe2 25. Nxe2 Ndc6 26. Ned4 Ne5
27. f3 Nc4 28. e4 Nd3 29. Ne2 Ne3 30. Nd2 Kd6 31. Nf1 Nc2 32. h4 Ke5 33. Kh2 Nf4
34. Nxf4 Kxf4 35. Ng3 Ne1 36. Nh5+ Ke5 37. Kg3 Nd3 38. Kg4 h6 39. Ng3 Nf2+ 40.
Kh5 Kf4 41. Nf1 Nd3 42. Kxh6 f5 43. exf5 Kxf5 44. Kg7 Nf4 45. g4+ Ke5 46. h5 1-0

[Event "Titled Tue 3rd Jun Early"]
[Site "chess.com INT"]
[Date "2025.06.03"]
[Round "4"]
[White "Bolashakov, Nurali"]
[Black "Winkels, Marcel"]
[Result "1-0"]
[WhiteTitle "CM"]
[BlackTitle "CM"]
[WhiteElo "2184"]
[BlackElo "1918"]
[WhiteFideId "13792105"]
[BlackFideId "1003887"]
[EventDate "2025.06.03"]

1. e4 c5 2. Nf3 d6 3. d4 cxd4 4. Nxd4 Nf6 5. Nc3 a6 6. h3 e5 7. Nde2 h5 8. g3
Be6 9. Bg2 Nbd7 10. O-O Be7 11. f4 Rc8 12. Nd5 Bxd5 13. exd5 O-O 14. Be3 exf4
15. Nxf4 Ne5 16. Nxh5 Nc4 17. Bd4 Nxh5 18. Qxh5 Bg5 19. Kh2 Ne3 20. Bxe3 Bxe3
21. c3 Qb6 22. Rae1 Bh6 23. Re7 Rc7 24. Rfxf7 Rxe7 25. Rxe7 Qxb2 26. Qe2 Qxc3
27. Qe6+ Kh8 28. Qxd6 Qd2 29. Qg6 b5 30. d6 Rd8 31. d7 Qf2 32. Re8+ 1-0

[Event "Titled Tue 3rd Jun Early"]
[Site "chess.com INT"]
[Date "2025.06.03"]
[Round "4"]
[White "Cahaya, Satria Duta"]
[Black "Sjugirov, Sanan"]
[Result "0-1"]
[WhiteTitle "FM"]
[BlackTitle "GM"]
[WhiteElo "2416"]
[BlackElo "2638"]
[WhiteFideId "7124252"]
[BlackFideId "4189302"]
[EventDate "2025.06.03"]

1. e4 c5 2. Nf3 d6 3. d4 cxd4 4. Nxd4 Nf6 5. Nc3 a6 6. Bg5 e6 7. f4 h6 8. Bh4
Be7 9. Qf3 Nbd7 10. O-O-O g5 11. fxg5 hxg5 12. Bxg5 Ne5 13. Qe2 Nxe4 14. Bxe7
Nxc3 15. Bxd8 Nxe2+ 16. Nxe2 Kxd8 17. Rxd6+ Ke7 18. Rd2 Bd7 19. Nd4 Rag8 20. Nf3
Nxf3 21. gxf3 Bc6 22. Rf2 Rh4 23. Kd2 Rg5 24. Bd3 Rgh5 25. Ke3 f5 26. Rg2 Kf6
27. Kf2 Rh3 28. Be2 Ke5 29. Rf1 Rxh2 30. f4+ Kf6 31. Rxh2 Rxh2+ 32. Ke3 Rxe2+
33. Kxe2 Bb5+ 34. Kf2 Bxf1 35. Kxf1 e5 36. fxe5+ Kxe5 37. Kf2 Kf4 38. c4 Ke4 39.
c5 a5 40. Ke2 a4 41. b4 axb3 42. axb3 Kd4 43. Kf3 Kxc5 44. Kf4 Kb4 45. Kxf5 Kxb3
46. Ke4 b5 47. Kd3 b4 48. Kd2 Ka2 0-1

[Event "Titled Tue 3rd Jun Early"]
[Site "chess.com INT"]
[Date "2025.06.03"]
[Round "4"]
[White "Ugorek, Kacper"]
[Black "Xiong, Jeffery"]
[Result "0-1"]
[WhiteTitle "CM"]
[BlackTitle "GM"]
[WhiteElo "2262"]
[BlackElo "2636"]
[WhiteFideId "21890676"]
[BlackFideId "2047640"]
[EventDate "2025.06.03"]

1. f4 d5 2. b3 Nf6 3. Bb2 g6 4. Nf3 Bg7 5. g3 O-O 6. Bg2 c5 7. O-O Nc6 8. e3 d4
9. Na3 Bf5 10. Nc4 Rc8 11. Nfe5 Nb4 12. d3 b5 13. Na3 Nfd5 14. Bxd5 Nxd5 15. Bc1
Bh3 16. Re1 f6 17. Nf3 Bg4 18. Qe2 Qa5 19. e4 Bxf3 20. Qd2 Qxd2 21. Bxd2 Nb4 22.
Rec1 a6 23. Kf2 Bg4 24. Kg2 Bd7 25. Nb1 Nc6 26. a4 Ra8 27. Na3 Rfb8 28. Kf3 e5
29. Ke2 f5 30. exf5 Bxf5 31. fxe5 Nxe5 32. Bf4 Re8 33. Kf1 Bh3+ 34. Kg1 Ng4 35.
axb5 Re2 36. bxa6 Rg2+ 37. Kh1 Nf2# 0-1

[Event "Titled Tue 3rd Jun Early"]
[Site "chess.com INT"]
[Date "2025.06.03"]
[Round "4"]
[White "Grabinsky, Vladimir"]
[Black "Filindash, Nikita"]
[Result "0-1"]
[WhiteTitle "IM"]
[BlackTitle "CM"]
[WhiteElo "2192"]
[BlackElo "2198"]
[WhiteFideId "14107074"]
[BlackFideId "34159983"]
[EventDate "2025.06.03"]

1. e4 e5 2. Nf3 Nf6 3. Nxe5 d6 4. Nf3 Nxe4 5. d4 d5 6. Bd3 Bd6 7. c4 c6 8. Nc3
Nxc3 9. bxc3 dxc4 10. Bxc4 O-O 11. O-O Bf5 12. Bg5 Qa5 13. Qb3 b5 14. Be2 Nd7
15. a4 b4 16. c4 c5 17. Rfd1 cxd4 18. Nxd4 Nc5 19. Qb2 Bg6 20. Nc6 Qc7 21. Bf3
Rae8 22. Be3 Nd3 23. Qb3 Bxh2+ 24. Kh1 Rxe3 25. Rxd3 Rxd3 26. Qxb4 Bd6 27. Qb5
Qb6 28. Qg5 Rxf3 0-1

[Event "Titled Tue 3rd Jun Early"]
[Site "chess.com INT"]
[Date "2025.06.03"]
[Round "4"]
[White "Chiang, Jacob"]
[Black "Rahman, Masruri"]
[Result "1-0"]
[BlackTitle "FM"]
[WhiteElo "2006"]
[BlackElo "2407"]
[WhiteFideId "30962331"]
[BlackFideId "7101163"]
[EventDate "2025.06.03"]

1. c4 e5 2. Nc3 Nf6 3. g3 d5 4. cxd5 Nxd5 5. Bg2 Nb6 6. d3 Nc6 7. Be3 Be7 8. Rc1
O-O 9. Nf3 Bg4 10. O-O Qd7 11. Ne4 Bh3 12. Nc5 Bxc5 13. Rxc5 Bxg2 14. Kxg2 Rfe8
15. b4 a6 16. Qb3 Kh8 17. Rfc1 f6 18. a4 Rac8 19. a5 Na8 20. Qc4 Ne7 21. Qe4 c6
22. d4 exd4 23. Bxd4 Nd5 24. Qh4 Rxe2 25. Qh5 Qe8 26. Rxd5 cxd5 27. Rxc8 Qxc8
28. Ng5 Rxf2+ 29. Bxf2 fxg5 30. Qxg5 Nc7 31. Qe5 h6 32. h3 Qd7 33. g4 Ne6 34.
Be3 d4 35. Bxh6 d3 36. Bd2 Qc6+ 37. Kf2 Qc4 38. Qh5+ Kg8 39. Qe8+ Kh7 40. Qh5+
Kg8 41. Qe5 Nd4 42. g5 Qf7+ 43. Qf4 1-0

[Event "Titled Tue 3rd Jun Early"]
[Site "chess.com INT"]
[Date "2025.06.03"]
[Round "4"]
[White "Alonso Rosell, Alvar"]
[Black "Tang, Andrew"]
[Result "1-0"]
[WhiteTitle "GM"]
[BlackTitle "GM"]
[WhiteElo "2550"]
[BlackElo "2529"]
[WhiteFideId "2270544"]
[BlackFideId "2059630"]
[EventDate "2025.06.03"]

1. d4 d5 2. c4 e6 3. Nf3 Nf6 4. g3 dxc4 5. Bg2 Nc6 6. Qa4 Bd7 7. Qxc4 Na5 8. Qd3
c5 9. dxc5 Bxc5 10. O-O Bc6 11. Qc3 Rc8 12. Bg5 Bb6 13. b4 Bxf3 14. Qxf3 Bd4 15.
bxa5 Bxa1 16. Qa3 Qe7 17. Qa4+ Qd7 18. Qb4 Bd4 19. Bxb7 Rc7 20. Ba6 Bc5 21. Qb8+
Qd8 22. Qb5+ Qd7 23. Bf4 Bd6 24. Bxd6 Rc6 25. Qb8+ Qd8 26. Bb5 1-0

[Event "Titled Tue 3rd Jun Early"]
[Site "chess.com INT"]
[Date "2025.06.03"]
[Round "4"]
[White "Di Nicolantonio, Lucas"]
[Black "Tristan, Leonardo"]
[Result "0-1"]
[WhiteTitle "IM"]
[BlackTitle "GM"]
[WhiteElo "2413"]
[BlackElo "2536"]
[WhiteFideId "680460"]
[BlackFideId "113816"]
[EventDate "2025.06.03"]

1. d4 d5 2. Nf3 Nf6 3. e3 c5 4. c3 cxd4 5. exd4 Nc6 6. Bb5 Bd7 7. O-O a6 8. Bxc6
Bxc6 9. Re1 e6 10. Ne5 Rc8 11. Bg5 Be7 12. Nd2 O-O 13. a4 Be8 14. a5 Bb5 15. Nb3
Bc4 16. Nxc4 dxc4 17. Bxf6 Bxf6 18. Nc5 Qd5 19. Qg4 Rc7 20. h3 Rd8 21. Rad1 h5
22. Qf4 Qd6 23. Qf3 Qd5 24. Qf4 Rcc8 25. Ne4 Be7 26. Ra1 Rd7 27. Nd2 Bg5 28. Qf3
Bxd2 29. Qxd5 Rxd5 30. Re2 Bg5 31. g3 Bd8 32. h4 Rxa5 33. Rd1 Rd5 34. Kg2 b5 35.
Ra1 a5 36. f3 b4 37. g4 Bxh4 38. Kh3 Bd8 39. cxb4 axb4 40. Ra7 c3 41. bxc3 bxc3
42. Rc2 hxg4+ 43. Kxg4 Rxd4+ 44. f4 Rd2 45. Kh5 0-1

[Event "Titled Tue 3rd Jun Early"]
[Site "chess.com INT"]
[Date "2025.06.03"]
[Round "4"]
[White "Ostensen, Nicolai Maxime"]
[Black "Dogan, Umut Anil"]
[Result "1-0"]
[WhiteTitle "FM"]
[BlackTitle "CM"]
[WhiteElo "2283"]
[BlackElo "2123"]
[WhiteFideId "1546970"]
[BlackFideId "51618060"]
[EventDate "2025.06.03"]

1. e4 Nc6 2. d4 e5 3. d5 Nce7 4. c4 Ng6 5. Nc3 Nf6 6. h4 Bb4 7. h5 Nf4 8. Bxf4
exf4 9. e5 Ne4 10. Qd4 Nxc3 11. bxc3 Ba5 12. Bd3 Qg5 13. Ne2 b5 14. cxb5 Bb7 15.
Nxf4 Bxc3+ 16. Qxc3 Qxf4 17. Bc4 Qe4+ 18. Kf1 Bxd5 19. Bxd5 Qxd5 20. a4 O-O 21.
Rh3 a6 22. Rd3 Qe4 23. Re1 Qxa4 24. bxa6 Qxa6 25. Kg1 Rad8 26. Rg3 h6 27. e6 f6
28. e7 Qd6 29. exd8=Q Rxd8 30. Qc4+ Kf8 31. Qg4 Qxg3 32. Qxg3 d6 33. Qe3 Rc8 34.
Qe7+ Kg8 35. Qe6+ Kh8 36. Qxc8+ Kh7 37. Re8 g6 38. Rh8+ Kg7 39. Qf8# 1-0

[Event "Titled Tue 3rd Jun Early"]
[Site "chess.com INT"]
[Date "2025.06.03"]
[Round "4"]
[White "Oparin, Grigoriy"]
[Black "Beerdsen, Thomas"]
[Result "0-1"]
[WhiteTitle "GM"]
[BlackTitle "GM"]
[WhiteElo "2660"]
[BlackElo "2535"]
[WhiteFideId "24125890"]
[BlackFideId "1030108"]
[EventDate "2025.06.03"]

1. Nf3 Nc6 2. c4 e5 3. Nc3 Nf6 4. g3 d5 5. cxd5 Nxd5 6. Bg2 Nb6 7. O-O Be7 8. d3
O-O 9. a3 a5 10. Be3 a4 11. Bxb6 cxb6 12. Nxa4 e4 13. Ne1 e3 14. fxe3 Bg5 15.
Nc3 Bxe3+ 16. Kh1 Be6 17. Nc2 Bb3 18. Qb1 Re8 19. Nxe3 Rxe3 20. Qc1 Re6 21. Qd2
Rh6 22. Rf4 Ra5 23. Raf1 Rah5 24. h4 g5 25. Rxf7 Bxf7 26. Ne4 Qd4 27. Nxg5 Rf6
28. Bf3 Rhh6 29. Ne4 Rfg6 30. Qf4 Qe5 31. e3 Qxf4 32. exf4 Nd4 33. Kh2 Nxf3+ 34.
Rxf3 Bd5 35. Re3 Bxe4 36. dxe4 Rc6 37. Rb3 Rhd6 38. Kh3 Kf7 39. h5 h6 40. Kg4
Rd8 41. e5 Ke6 42. Rb5 Rg8+ 43. Kf3 Kf5 44. g4+ Rxg4 45. e6+ Rc5 46. Rb4 Rg1 47.
Rxb6 Rf1+ 48. Ke2 Rxf4 49. e7 Re4+ 50. Kd3 Rxe7 51. Rxh6 Rc6 52. Rh8 Kg5 53. Rd8
Kxh5 54. a4 Kg6 55. b4 Rcc7 56. Rh8 Red7+ 57. Ke3 Rc3+ 58. Ke4 Rc4+ 59. Ke5 Rxb4
60. Ke6 Rd1 61. Rg8+ Kh7 0-1

[Event "Titled Tue 3rd Jun Early"]
[Site "chess.com INT"]
[Date "2025.06.03"]
[Round "4"]
[White "Fadi, Marko"]
[Black "Fernandez Siles, Luis"]
[Result "1-0"]
[WhiteTitle "FM"]
[BlackTitle "FM"]
[WhiteElo "2244"]
[BlackElo "2170"]
[WhiteFideId "10605371"]
[BlackFideId "2209420"]
[EventDate "2025.06.03"]

1. d4 Nf6 2. Nf3 g6 3. Bf4 Bg7 4. e3 O-O 5. h3 d6 6. Nbd2 c5 7. c3 Nc6 8. Bh2
Be6 9. Be2 Qb6 10. Qc1 cxd4 11. exd4 Rac8 12. O-O Bh6 13. Re1 Nd5 14. Nc4 Bxc1
15. Nxb6 Nxb6 16. Rexc1 Bc4 17. Bd1 f6 18. b3 Bf7 19. c4 e5 20. dxe5 dxe5 21.
Bc2 Rfd8 22. Rd1 Be6 23. Kf1 Kf7 24. a3 a5 25. a4 Nd7 26. Rab1 Nc5 27. Ne1 Nb4
28. Ke2 Rxd1 29. Bxd1 Rd8 30. f3 Bf5 31. Rb2 Ncd3 32. Nxd3 Nxd3 33. Rd2 Rd4 34.
Ke3 Nb2 35. Be2 Ke6 36. Rxd4 exd4+ 37. Kxd4 Bb1 38. Kc3 1-0